An Introduction to Medical Statistics (Record no. 4733)

MARC details
000 -LEADER
fixed length control field 00912pam a2200265 a 4500
001 - CONTROL NUMBER
control field 3366631
003 - CONTROL NUMBER IDENTIFIER
control field OSt
005 - DATE AND TIME OF LATEST TRANSACTION
control field 20250917111642.0
008 - FIXED-LENGTH DATA ELEMENTS--GENERAL INFORMATION
fixed length control field 870219s1987 enka b 001 0 eng c
010 ## - LIBRARY OF CONGRESS CONTROL NUMBER
LC control number 87005606
020 ## - INTERNATIONAL STANDARD BOOK NUMBER
International Standard Book Number 0192615025 :
Terms of availability $13.00 (U.S.)
040 ## - CATALOGING SOURCE
Original cataloging agency DNLM/DLC
Transcribing agency DLC
Modifying agency DLC
082 ## - DEWEY DECIMAL CLASSIFICATION NUMBER
Classification number WA100 B561a 1987
100 1# - MAIN ENTRY--PERSONAL NAME
Personal name Bland, Martin.
9 (RLIN) 2150
245 13 - TITLE STATEMENT
Title An Introduction to Medical Statistics
260 ## - PUBLICATION, DISTRIBUTION, ETC. (IMPRINT)
Name of publisher, distributor, etc. Oxford University Press,
Date of publication, distribution, etc. 1987.
300 ## - PHYSICAL DESCRIPTION
Extent xiii, 365 p. :
Other physical details ill. ;
Dimensions 24 cm.
504 ## - BIBLIOGRAPHY, ETC. NOTE
Bibliography, etc Index & Bibliography: p. [353]-356.
650 #0 - SUBJECT ADDED ENTRY--TOPICAL TERM
Topical term or geographic name as entry element Medical statistics.
9 (RLIN) 1389
650 #2 - SUBJECT ADDED ENTRY--TOPICAL TERM
Topical term or geographic name as entry element Biometry.
9 (RLIN) 1390
856 42 - ELECTRONIC LOCATION AND ACCESS
Materials specified Publisher description
Uniform Resource Identifier http://www.loc.gov/catdir/enhancements/fy0635/87005606-d.html
856 41 - ELECTRONIC LOCATION AND ACCESS
Materials specified Table of contents only
Uniform Resource Identifier http://www.loc.gov/catdir/enhancements/fy0635/87005606-t.html
906 ## - LOCAL DATA ELEMENT F, LDF (RLIN)
a 7
b cbc
c orignew
d 1
e ocip
f 19
g y-gencatlg
942 ## - ADDED ENTRY ELEMENTS (KOHA)
Source of classification or shelving scheme Other/Generic Classification Scheme
Koha item type Open Shelf
Holdings
Withdrawn status Lost status Source of classification or shelving scheme Damaged status Not for loan Home library Current library Date acquired Source of acquisition Inventory number Total Checkouts Full call number Barcode Date last seen Price effective from Koha item type
    Other/Generic Classification Scheme     MUST Main Library MUST Main Library 13/07/2016 Purchase 99/13090   WA 100 B561a 1987 2016-3159 13/07/2016 13/07/2016 Open Shelf
    Other/Generic Classification Scheme     MUST Main Library MUST Main Library 13/07/2016   5431   WA 100 B561a 1987 2016-3160 13/07/2016 13/07/2016 Open Shelf